| 000 | 00396nam a2200157Ia 4500 | ||
|---|---|---|---|
| 008 | 230312s9999||||xx |||||||||||||| ||und|| | ||
| 020 | _a81-203-3542-4 | ||
| 082 |
_a658.4 _bMCG-B |
||
| 100 | _aMcGrath;E.H | ||
| 245 | 0 | _aBasic Mnagerial Skills for All | |
| 260 |
_bPHI Learning Pvt ltd _aIndia _c2008 |
||
| 300 | _a783 | ||
| 546 | _aEng. | ||
| 650 |
_aManagement _vHow To READ,Write |
||
| 942 | _cBK | ||
| 999 |
_c7138 _d7138 |
||